Proces znižovania poplatkov je nezvratný

S Vladimírom Šošovičkom o hľadaní bezpečných investícií a budúcnosti kolektívneho investovania v SR

Saved in:
Bibliographic Details
Main Author: Škriniar, Pavel, 1979-
Format: Book Chapter
Language:Slovak
Subjects:
Tags: Add Tag
No Tags, Be the first to tag this record!

MARC

LEADER 00000naa$a2200000$$$4500
001 0089825
005 20240502072013.3
041 0 |a slo 
044 |a SK 
245 1 0 |a Proces znižovania poplatkov je nezvratný  |c Pavel Škriniar 
520 |a S Vladimírom Šošovičkom o hľadaní bezpečných investícií a budúcnosti kolektívneho investovania v SR 
610 2 0 |a investície 
610 2 0 |a investovanie kolektívne 
610 2 0 |a Slovensko 
610 2 0 |a klienti 
100 1 |a Škriniar, Pavel, 1979-